Land law and conveyancing in Kenya. (Record no. 10671)
[ view plain ]
| 000 -LEADER | |
|---|---|
| fixed length control field | 00866cam a22002652 4500 |
| 001 - CONTROL NUMBER | |
| control field | 0000003472 |
| 005 - DATE AND TIME OF LATEST TRANSACTION | |
| control field | 20151217154339.0 |
| 008 - FIXED-LENGTH DATA ELEMENTS--GENERAL INFORMATION | |
| fixed length control field | 070507s xx 000 0 eng d |
| 020 ## - INTERNATIONAL STANDARD BOOK NUMBER | |
| International Standard Book Number | 9966723773 : |
| 040 ## - CATALOGING SOURCE | |
| Original cataloging agency | KABU |
| Transcribing agency | KABU |
| 050 #0 - LIBRARY OF CONGRESS CALL NUMBER | |
| Classification number | KSK658 |
| Item number | .O53 |
| 100 1# - MAIN ENTRY--PERSONAL NAME | |
| Personal name | Onalo, P. L. |
| -- | 0000153418 |
| 245 10 - TITLE STATEMENT | |
| Title | Land law and conveyancing in Kenya. |
| 260 ## - PUBLICATION, DISTRIBUTION, ETC. (IMPRINT) | |
| Place of publication, distribution, etc. | Nairobi : |
| Name of publisher, distributor, etc. | Heinemann Kenya, |
| Date of publication, distribution, etc. | 1986. |
| 300 ## - PHYSICAL DESCRIPTION | |
| Extent | xii, 319 p. |
| 650 #0 - SUBJECT ADDED ENTRY--TOPICAL TERM | |
| Topical term or geographic name as entry element | Land law |
| Geographic subdivision | Kenya. |
| -- | 0000153419 |
| 650 #0 - SUBJECT ADDED ENTRY--TOPICAL TERM | |
| Topical term or geographic name as entry element | Real property |
| Geographic subdivision | Kenya. |
| -- | 0000153420 |
| 650 #0 - SUBJECT ADDED ENTRY--TOPICAL TERM | |
| Topical term or geographic name as entry element | Conveyancing |
| Geographic subdivision | Kenya. |
| -- | 0000153421 |
| 852 1# - LOCATION | |
| -- | p1900 KES |
| 852 1# - LOCATION | |
| -- | p1900 KES |
| 852 1# - LOCATION | |
| -- | p1900 KES |
| 852 1# - LOCATION | |
| -- | p1900 KES |
| 908 ## - PUT COMMAND PARAMETER (RLIN) | |
| Put command parameter | 070507 |
| 950 ## - LOCAL HOLDINGS (RLIN) | |
| -- | 1 |
| Withdrawn status | Lost status | Source of classification or shelving scheme | Not for loan | Home library | Current library | Date acquired | Total Checkouts | Total Renewals | Full call number | Barcode | Date last seen | Date last checked out | Price effective from | Koha item type | Cost, normal purchase price | Copy number |
|---|---|---|---|---|---|---|---|---|---|---|---|---|---|---|---|---|
| Library of Congress Classification | Kabarak, Main Campus | Kabarak, Main Campus | 17/12/2015 | 16 | 3 | KSK658 .O53 c. 4 | 19473 | 21/04/2026 | 10/04/2026 | 17/12/2015 | General Collection | |||||
| Library of Congress Classification | Kabarak, Main Campus | Kabarak, Main Campus | 17/12/2015 | 10 | 2 | KSK658 .O53 c. 6 | 19478 | 13/10/2021 | 22/09/2021 | 17/12/2015 | General Collection | |||||
| Library of Congress Classification | Kabarak, Main Campus | Kabarak, Main Campus | 17/12/2015 | 8 | 2 | KSK658 .O53 c. 7 | 19479 | 11/10/2024 | 23/09/2024 | 17/12/2015 | General Collection | |||||
| Library of Congress Classification | Kabarak, Main Campus | Kabarak, Main Campus | 17/12/2015 | 14 | 1 | KSK658 .O53 c. 3 | 19470 | 08/11/2024 | 23/10/2024 | 17/12/2015 | General Collection | |||||
| Library of Congress Classification | Kabarak, Main Campus | Kabarak, Main Campus | 17/12/2015 | 9 | KSK658 .O53 c. 5 | 19476 | 17/01/2022 | 17/01/2022 | 17/12/2015 | General Collection | ||||||
| Library of Congress Classification | Kabarak, Main Campus | Kabarak, Main Campus | 17/12/2015 | 20 | 1 | KSK658 .O53 c. 2 | 18410 | 14/04/2026 | 02/04/2026 | 17/12/2015 | General Collection | |||||
| Library of Congress Classification | Kabarak, Main Campus | Kabarak, Main Campus | 17/12/2015 | 5 | KSK658 .O53 c. 1 | 003796 | 09/03/2021 | 01/03/2021 | 17/12/2015 | Africana Collection | ||||||
| Library of Congress Classification | Kabarak, Main Campus | Kabarak, Main Campus | 08/10/2018 | 30 | 1 | KSK658 .O53 c. 8 | 024452 | 14/04/2026 | 02/04/2026 | 08/10/2018 | General Collection | 2320.00 | c. 8 |